| 000 | 01049cam a2200253 4500 | ||
|---|---|---|---|
| 001 | WB3729-22 | ||
| 008 | 010726n2001 000 0 eng u | ||
| 035 | _a(Sirsi) u113814 | ||
| 245 | _aNew measures speed planning decisions | ||
| 260 | _c2001 | ||
| 490 |
_aDTLR News Release _v(335) 20 July 2001 |
||
| 490 |
_aRICS Press Release _v(pr097) 20 July 2001, (6) |
||
| 520 | _aNew measures announced will modernise the planning system leading to quicker decisions on major infrastructure projects such as airport and rail links. Plans include an improved regional framework which will assist consideration of individual projects and a more effective public inquiry proceedure. RICS welcomes the proposals | ||
| 590 | _aWB | ||
| 650 | _aPLANNING DECISIONS | ||
| 650 | _aPLANNING SYSTEM | ||
| 650 | _aPLANNING PROCESS | ||
| 650 | _aREGIONAL FRAMEWORK | ||
| 650 | _aDECISION MAKING | ||
| 650 | _aPLANNING REFORM | ||
| 650 | _aINFRASTRUCTURE PROJECTS | ||
| 690 | _aENVIRONMENTAL AND LAND CONSULTANCY-PLANNING AND DEVELOPMENT | ||
| 942 | _n0 | ||
| 999 |
_c67805 _d67805 |
||